|
|
|
|
| LEADER |
00000nam0a2200000 4500 |
| 001 |
73676 |
| 005 |
20231031084620.0 |
| 035 |
|
|
|a (RuTPU)RU\TPU\book\78608
|
| 090 |
|
|
|a 73676
|
| 100 |
|
|
|a 20050221d1972 m y0rusy50 ca
|
| 101 |
0 |
|
|a rus
|
| 102 |
|
|
|a RU
|
| 105 |
|
|
|a a j 001zy
|
| 200 |
1 |
|
|a Горное дело
|e учебник
|f С. С. Борисов, М. П. Клоков, Б. А. Горновой
|
| 205 |
|
|
|a Издание второе, перераб. и доп.
|
| 210 |
|
|
|a Москва
|c Недра
|d 1972
|
| 215 |
|
|
|a 360 с.
|c ил.
|
| 320 |
|
|
|a Библиогр.: с. 356-357.
|
| 610 |
1 |
|
|a учебники
|
| 610 |
1 |
|
|a горное дело
|
| 610 |
1 |
|
|a горнорудное производство
|
| 610 |
1 |
|
|a разработка
|
| 610 |
1 |
|
|a месторождения
|
| 610 |
1 |
|
|a горные работы
|
| 675 |
|
|
|a 622(075.32)
|v 3
|
| 700 |
|
1 |
|a Борисов
|b С. С.
|g Сергей Сергеевич
|
| 701 |
|
1 |
|a Клоков
|b М. П.
|g Михаил Павлович
|
| 701 |
|
1 |
|a Горновой
|b Б. А.
|g Борис Александрович
|
| 801 |
|
1 |
|a RU
|b 63413507
|c 20050221
|g PSBO
|
| 801 |
|
2 |
|a RU
|b 63413507
|c 20220825
|g PSBO
|
| 942 |
|
|
|c BK
|